| 000 | 00654nam a2200193 i 4500 | ||
|---|---|---|---|
| 001 | 80563 | ||
| 003 | ES-MaACL | ||
| 005 | 20251210185412.0 | ||
| 007 | t| | ||
| 008 | 041028s1971 sp ||||1| cat d | ||
| 245 | 0 | 0 |
_aHomenatge a Pau Casals en el seu 95e. aniversari _b: 29 desembre 1876, Nadal del 1971 / _cLluis Carulla, Maria Font i fills. |
| 260 |
_a[Barcelona : _bLluis Carulla i Canals, _c1971] |
||
| 300 |
_a104 p., 2 lám. : _bil. ; _c24 cm. |
||
| 700 | 1 |
_aCasals, Pau, _d1876-1973 _936074 |
|
| 700 | 0 |
_aCarulla i Canals, Lluis. _935916 |
|
| 700 | 1 |
_aFont, María. _951545 |
|
| 852 |
_aES-MaACL _jC-43101 _bR.80202 |
||
| 999 |
_c80563 _d80563 |
||